Statistics for Native American Loan Words

Click here to take the quiz!

General Stats

  • This quiz has been taken 117 times
  • The average score is 8 of 15

Answer Stats

MeaningLoan word% Correct
Small llamaAlpaca
76%
Dome-shaped hut or other construction, often of snowIgloo
74%
Sled-type of dogHusky
73%
Mountain lion OR sexy older womanCougar
72%
Dried lean meat stripesJerky
67%
A small, narrow Inuit boatKayak
63%
Small, striped squirrelChipmunk
62%
ReindeerCaribou
54%
ElkMoose
52%
Excrement of seabirds, seals or cave bats used as fertilizerGuano
51%
A sacred object or symbol for a group of peopleTotem
43%
Tree OR it's fruit with green, fatty fleshAvocado
35%
Cooking method of roasting meatBarbecue
33%
Tall hickory Tree OR a nut from this treePecan
30%
A hooded pull-over jacketAnorak
22%

Score Distribution

Percentile by Number Answered

Percent of People with Each Score

Your Score History

You have not taken this quiz